Microeconomics: Private and Public Choice (Record no. 620)

MARC details
005 - DATE AND TIME OF LATEST TRANSACTION
control field 20250314124138.0
020 ## - INTERNATIONAL STANDARD BOOK NUMBER
International Standard Book Number 0-15-518882-2
082 ## - DEWEY DECIMAL CLASSIFICATION NUMBER
Classification number 338.5 GWA
100 ## - MAIN ENTRY--PERSONAL NAME
Author name GWARTNEY, J. D.
245 ## - TITLE STATEMENT
Title Microeconomics: Private and Public Choice
250 ## - EDITION STATEMENT
Edition statement 4th Ed.
260 ## - PUBLICATION, DISTRIBUTION, ETC.
Place of publication, distribution, etc. New York,
Name of publisher, distributor, etc. Harcourt Brace Jovanovich,
Date of publication, distribution, etc. 1987.
300 ## - PHYSICAL DESCRIPTION
Extent xix, 578p.: figure, graph, ill,; table
Other physical details Glossary, index
Dimensions 25cm.
700 ## - ADDED ENTRY--PERSONAL NAME
Other authors/Editors STROUP, R.
942 ## - ADDED ENTRY ELEMENTS (KOHA)
Source of classification or shelving scheme Dewey Decimal Classification
Koha item type Books
Holdings
Date last seen Total checkouts Full call number Barcode Cost, replacement price Price effective from Koha item type Lost status Source of classification or shelving scheme Damaged status Not for loan Withdrawn status Home library Current library Shelving location Date acquired Cost, normal purchase price
03/14/2025   338.5 GWA 0000002491 30000.00 03/14/2025 Books   Dewey Decimal Classification       College of Business Education Main Library College of Business Education Main Library General Collection 03/14/2025 10000.00